Les Marginaux parisiens aux XIVe et XVe siecles
Αποθηκεύτηκε σε:
| Κύριος συγγραφέας: | |
|---|---|
| Άλλοι συγγραφείς: | |
| Μορφή: | Βιβλίο |
| Γλώσσα: | French |
| Δημοσίευση: |
[Paris] :
Flammarion,
1976
|
| Σειρά: | Collection L'Histoire vivante
|
| Θέματα: | |
| Ετικέτες: |
Προσθήκη ετικέτας
Δεν υπάρχουν, Καταχωρήστε ετικέτα πρώτοι!
|
MARC
| LEADER | 00000cam a2200000 i 4500 | ||
|---|---|---|---|
| 001 | 1/81744 | ||
| 008 | 941026s1976 fre d | ||
| 020 | |a 2-08-210805-8 | ||
| 035 | |l 10005363 | ||
| 040 | |a GR-MY-UA |b gre |e aacr | ||
| 041 | 0 | |a fre | |
| 082 | 0 | |a 364.944361 | |
| 100 | 1 | |a Geremek, Bronislaw. | |
| 245 | 1 | 4 | |a Les Marginaux parisiens aux XIVe et XVe siecles / |c Bronislaw Geremek ; Traduit du polonais par Daniel Beauvois |
| 260 | |a [Paris] : |b Flammarion, |c 1976 | ||
| 300 | |a 353 p.; |b maps; |c 20 cm | ||
| 490 | 1 | |a Collection L'Histoire vivante | |
| 500 | |a Translation of Ludzie marginesu w sredniowiecznym Paryηzu, XIV-XV wiek | ||
| 500 | |a Originally presented as the author's thesis, Warsaw, 1973 | ||
| 504 | |a Includes bibliographical references | ||
| 650 | 0 | 0 | |a Marginality, Social |z France |z Paris. |
| 650 | 0 | 0 | |a Crime |z France |z Paris. |
| 650 | 0 | 0 | |a Prostitution |z France |z Paris. |
| 651 | 0 | |a Paris (France) |x Moral conditions. | |
| 700 | 1 | |a Beauvois, Daniel. |4 trl | |
| 852 | |a INST |b LESVOS |e 19941026 |h 364.944361 GER |p 005100003528 |q 005100003528 |t BK |y 0 | ||
| 909 | |a Λ |b 007308 | ||